00427nam a2200133 a 4500008004100000020001500041050001600056100001900072245002300091246010500114260003800219300002700257350000900284120416s0000 ||||||||||||||||| || u a0576151203 aNA 7560 Mor aMorris, Robert10aRural architecture aconsisting of regular design of plans and elevations for buildings in the country, in which the puri aLondonbGregg Internationalc1971 aVarying pagings : ill. a0.00